Literature's children: (Record no. 1309398)

MARC details
000 -LEADER
fixed length control field 03057cam a2200433 i 4500
001 - CONTROL NUMBER
control field 20852225
005 - DATE AND TIME OF LATEST TRANSACTION
control field 20250425140849.0
008 - FIXED-LENGTH DATA ELEMENTS--GENERAL INFORMATION
fixed length control field 190201s2019 enka b 001 0 eng c
010 ## - LIBRARY OF CONGRESS CONTROL NUMBER
LC control number 2018058748
020 ## - INTERNATIONAL STANDARD BOOK NUMBER
International Standard Book Number 9781472577191
020 ## - INTERNATIONAL STANDARD BOOK NUMBER
International Standard Book Number 978-93-61311-33-8 (pbk)
037 ## - SOURCE OF ACQUISITION
Terms of availability TB
040 ## - CATALOGING SOURCE
Original cataloging agency AL
Language of cataloging eng
Transcribing agency AL
Description conventions rda
Modifying agency AL
041 ## - LANGUAGE CODE
Source of code eng
Language code of text/sound track or separate title eng
042 ## - AUTHENTICATION CODE
Authentication code pcc
050 00 - LIBRARY OF CONGRESS CALL NUMBER
Classification number PR990
Item number .J65 2019
084 ## - COLON CLASSIFICATION NUMBER
Classification number O111(Y11):g Q9
Assigning agency AL
100 1# - MAIN ENTRY--PERSONAL NAME
Personal name Joy, Louise,
Dates associated with a name 1979-
Relator term author.
9 (RLIN) 753023
245 10 - TITLE STATEMENT
Title Literature's children:
Remainder of title the critical child and the art of idealization
260 ## - PUBLICATION, DISTRIBUTION, ETC.
Place of publication, distribution, etc. London, UK:
-- New York, USA:
Name of publisher, distributor, etc. Bloomsbury Academic,
Date of publication, distribution, etc. 2019.
264 #1 - PRODUCTION, PUBLICATION, DISTRIBUTION, MANUFACTURE, AND COPYRIGHT NOTICE
Date of production, publication, distribution, manufacture, or copyright notice 2019.
300 ## - PHYSICAL DESCRIPTION
Extent vii, 247p.
Other physical details illustrations ;
Dimensions 25 cm.
336 ## - CONTENT TYPE
Content type term text
Content type code txt
Source rdacontent
337 ## - MEDIA TYPE
Media type term unmediated
Media type code n
Source rdamedia
338 ## - CARRIER TYPE
Carrier type term volume
Carrier type code nc
Source rdacarrier
365 ## - TRADE PRICE
Price amount 999.00
Currency code INR
490 0# - SERIES STATEMENT
Series statement Bloomsbury perspectives on children's literature
504 ## - BIBLIOGRAPHY, ETC. NOTE
Bibliography, etc. note Includes bibliographical references (pages 217-237) and index.
505 0# - FORMATTED CONTENTS NOTE
Formatted contents note Eighteenth-century poetry and the complexity of the child's mind -- Laughter and the permission to critique -- On seeing : Kate Greenaway's Under the window -- On crying : E. Nesbit's The railway children -- On being (bored) : Kenneth Grahame's The wind in the willows -- On talking : J.R.R. Tolkien's The hobbit -- On loving : Malcolm Saville's Lone pine series.
520 ## - SUMMARY, ETC.
Summary, etc. "Literature's Children offers a new way of thinking about how literature for children functions didactically. It analyses the nature of the practical critical activity which the child reader carries out, emphasising what the child does to the text rather than what he or she receives from it. Through close readings of a range of so-called 'Golden Age' novels for children which continue to shape our understanding of what children's literature entails, including The Railway Children, The Wind in the Willows, The Hobbit, and mid-20th-century series fiction, it demonstrates how the child critic resists the processes of idealisation at work in such texts. By bringing together ideas from literary theory and the philosophy of education, drawing in particular on the work of the philosopher John Dewey, it provides a compelling new account of the complex relationships between literary aesthetics and literary didacticism"--
Assigning source Provided by publisher.
650 #0 - SUBJECT ADDED ENTRY--TOPICAL TERM
Topical term or geographic name entry element Children's literature, English
General subdivision History and criticism.
9 (RLIN) 753024
650 #0 - SUBJECT ADDED ENTRY--TOPICAL TERM
Topical term or geographic name entry element Children
General subdivision Books and reading
-- History.
9 (RLIN) 753025
650 #0 - SUBJECT ADDED ENTRY--TOPICAL TERM
Topical term or geographic name entry element Reader-response criticism.
9 (RLIN) 753026
776 08 - ADDITIONAL PHYSICAL FORM ENTRY
Relationship information Online version:
Main entry heading Joy, Louise, 1979- author.
Title Literature's children
Place, publisher, and date of publication London, UK ; New York, NY : Bloomsbury Academic, 2019
International Standard Book Number 9781472577207
Record control number (DLC) 2019007945
906 ## - LOCAL DATA ELEMENT F, LDF (RLIN)
a 7
b cbc
c orignew
d 1
e ecip
f 20
g y-gencatlg
942 ## - ADDED ENTRY ELEMENTS (KOHA)
Source of classification or shelving scheme Colon Classification (CC)
Koha item type Textbook
Classification part O111(Y11):g Q9
Suppress in OPAC No

No items available.

Copyright @ Delhi University Library System